000 01097nam a2200289Ia 4500
003 OSt
005 20221007121804.0
006 a|||||r|||| 00| 0
007 ta
008 221006b |||||||| |||| 00| 0 eng d
020 _a4431702822 (hbd)
_cEuro 203.49
024 _a8703
037 _bResearchco,
_cTextual
040 _aBDL
_cBDL
_beng
041 _2eng
_aeng
082 _aI,13, P0
100 _aRidge R W Ed
_9712947
245 0 _aRoot hairs: cell and molecular biology ed by R W Ridge and A M C Emons
_b Emons A M C Ed
260 _aBerlin
_bSpringer-Verlag
_c2000
300 _axvi, 336p
_ccm.
500 _aIncludes bibliographical references; Index 329-336p; ^n23/CSL/CARB/2001-2002/58^d2001-05-25^mPurchase; ; 2001-2002/19^b2001-07-02^cRBC-0207/2001^d2001-06-12^eRs.7,518.29^fResearchco Book Centre; ; 2002-01-25^bSB^c2003-01-08^dRPS
650 _a Root^aRoot,Plant
_9712948
650 _aPlant
_9431280
700 _a Emons A M C Ed
_9712949
942 _hI,13, P0
_cTEXL
_2CC
999 _c1209348
_d1209348